| 000 | 00461nam a2200169Ia 4500 | ||
|---|---|---|---|
| 008 | 230917s9999||||xx |||||||||||||| ||und|| | ||
| 020 | _cRS675 | ||
| 040 |
_e256317 _aMAIN |
||
| 041 | _aEnglish | ||
| 082 | _a005.74 A34S | ||
| 100 | _aAven, Jeffrey | ||
| 245 | 0 | _aSams teach yourself Hadoop in 24 hours | |
| 260 |
_aNoida _bPearson India Education _c2018 |
||
| 300 | _axx, 471 p. | ||
| 500 | _a3506 16/07/2019 HBD19/7862 20/07/2019 Main Budget | ||
| 942 | _cBK | ||
| 999 |
_c31653 _d31653 |
||